| 000 | 00346nam a2200109Ia 4500 | ||
|---|---|---|---|
| 008 | 171211s9999 xx 000 0 und d | ||
| 245 | 2 | _aA Smarter Way to Learn HTML & CSS: Learn it faster. Remember it longer | |
| 245 | _cDouglas mcarthur | ||
| 260 | _c2015 | ||
| 650 | _xWeb Development | ||
| 856 | _uhttp://down.ebook777.com/008/9781508673873.pdf | ||
| 999 |
_c350111 _d350111 |
||